Responses for show #4697 - Tuesday, January 25, 2005

Contestants

Leila Dooley, a reference librarian from Vista, California

Bob Shore, an attorney from Los Angeles, California

Ted Stratton, a reporter from Cleveland Heights, Ohio (whose 2-day cash winnings total $30,399)

Jeopardy! Round responses

THE SMALLEST IN AREA
(Alex: We'll give you a choice.)
CRAZY TOP 40 TUNES
WINEMAKING
AROUND THE COLOSSEUM WITH COWARDUS
WORN OUT
THE "L" I AM
    $200 2
the United States

Ted
    $200 14
Patsy Cline

Bob
    $200 1
sugar

Bob
    $200 23
a sword

Ted
    $200 15
a poncho

Ted
    $200 9
lemon

Ted
    $400 3
New Zealand

Leila
    $400 18
Aerosmith

Ted
    $400 7
oak

Ted
    $400 24
die

Ted
    $400 17
suspenders

Ted
    $400 10
Lucite

Leila
    $600 4
Egypt

Leila
    $600 19
Heart

Bob
    $600 8
grafting

Bob
    $600 25
Augustus

Ted
    $1,400 20
(Bob: What are cuffs?)

gloves

Bob
    $600 11
lute

Leila
    $800 5
Denmark

Ted
    $800 29
"Crazy Little Thing Called Love"

Triple Stumper
    $800 16
a trellis

Bob
    $800 26
Marcus Aurelius

Ted
    $800 21
crepe

Leila
    $800 12
laws

Triple Stumper
    $1000 6
(Bob: What is Pakistan?)

Afghanistan

BobLeila
    $1000 30
Seal

Triple Stumper
    $1000 28
pH

Bob
    $1000 27
(Ted: What is a lion?)

a tiger

TedBob
    $1000 22
a girdle

Leila
    $1000 13
(Alex: You picked the right one.)

Lithuania

Ted

Scores at the first commercial break (after clue 17):

Ted Bob Leila
$3,200 $800 $3,000

Scores at the end of the Jeopardy! Round:

Ted Bob Leila
$4,600 $2,000 $4,800

Double Jeopardy! Round responses

POLK-ER
STUD
DRAW
AUNTIE
3 OF A KIND
"FULL" HOUSE
    $400 30
(Andrew) Jackson

Ted
    $400 21
(Mel) Gibson

Bob
    $400 16
(Ted: What is London Bridge?)

Tower Bridge

TedLeila
    $400 11
Quaker Oats

Bob
    $400 6
games

Leila
    $400 1
The Full Monty

Bob
    $800 29
Knox

Ted
    $800 25
(Will) Smith

Ted
    $800 17
Kilroy

Bob
    $800 12
(Auntie) Mame

Leila
    $800 7
programming languages

Ted
    $800 2
fullback

Ted
    $1200 22
Dallas

Ted
    $1200 26
(Chris) Isaak

Triple Stumper
    $1200 18
Graffiti

Ted
    $1200 13
Auntie Em & Aunt Polly

Triple Stumper
    $1200 8
museums

Ted
    $1200 3
(R. Buckminster) Fuller

Bob
    $6,000 23
(Ted: What is Spain?)

Mexico

Ted
    $1600 27
(Viggo) Mortensen

Leila
    $1600 19
(Lennox) Lewis

Bob
    $1600 14
(Theodore) Dreiser

Ted
    $1600 9
Secretaries of State

Bob
    $1600 4
a full gainer

Bob
    $2000 24
tariffs

Bob
    $2000 28
(David) Duchovny

Ted
    $2000 20
drafting

Ted
    $2000 15
Aunt Julia

Triple Stumper
    $2000 10
soccer teams

Ted
    $2,000 5
full-fledged

Bob

Scores at the end of the Double Jeopardy! Round:

Ted Bob Leila
$13,000 $14,000 $8,000

[wagering suggestions for these scores]

Final Jeopardy! Round responses

18th CENTURY POETRY
(Alex: Bob will get to savor his victory for quite some time because starting tomorrow, we have our favorite time of the year--the Teen Tournament--two weeks of competition featuring 15 of the brightest students from all across America. And then right after that, we're gonna be involved in the Ultimate Jeopardy! Tournament of Champions. We are bringing back about 150 of the former Jeopardy! champions in a massive tournament that will culminate in a 3-day final that will involve, yes, you guessed it, Ken Jennings. So be sure and tune in, won't you? We'll see you tomorrow.)
LeilaWhat is The Barber
$5,000
TedWhat is The Raven
$7,001
BobWhat is The Rape of the Lock
$12,001
"The Rape of the Lock"

Final scores:

Ted Bob Leila
$5,999 $26,001 $3,000
2nd place: $2,000 New champion: $26,001 3rd place: $1,000

Game dynamics:

Coryat scores:

Ted Bob Leila
$19,000 $15,400 $8,000
24 R,
3 W
(including 1 DD)
17 R
(including 1 DD),
2 W
(including 1 DD)
11 R,
0 W

Combined Coryat: $42,400

The J! Archive is created by fans, for fans. The Jeopardy! game show and all elements thereof, including but not limited to copyright and trademark thereto, are the property of Jeopardy Productions, Inc. and are protected under law. This website is not affiliated with, sponsored by, or operated by Jeopardy Productions, Inc. Join the discussion at JBoard.tv.